Влиянието на харизмата (Запис номер 176077)
[ съкратено ]
| 000 -Лидер | |
|---|---|
| Контролно поле с фиксирана дължина | 01823nam a2200397 c 4500 |
| 003 - Код на организацията, давaща контролен номер | |
| Контролно поле | BLK |
| 005 - Дата и час на последна редакция | |
| Контролно поле | 20180420235655.0 |
| 008 - Елементи от данни с фиксирана дължина | |
| fixed length control field | 180411b bul|||||r ||||||| ||bul|| |
| 010 ## - Наследен системен номер | |
| LC control number | KNG00184682000 |
| 020 ## - Международен стандартен номер на книга ISBN | |
| Международен стандартен номер на книга ISBN | 978-954-2929-18-5 |
| -- | издат.: Анхира |
| 040 ## - Източник на каталожния запис | |
| Идентификатор на билиотеката - собственик на записа | BLK |
| 041 ## - Код за език | |
| Код за езика на текст/звукозапис или на отделно заглавие | Български |
| Код за езика КДБФ | Български |
| 072 #7 - Код за тематичната категория | |
| Код организация | bullib |
| Код за тематична категория | Н15 |
| Текст | Психология Н |
| 080 ## - УДК | |
| Текстов определител УДК | Индивидуална психология. Психология на личността. Индивидуалност. Психология на характера. Характерология. Психологическа типология |
| УДК код - определител по УДК | 159.923 |
| УДК определител | |
| УДК - код + определител | 159.923 |
| 080 ## - УДК | |
| Текстов определител УДК | Ръководство (лидерство) и авторитет |
| УДК код - определител по УДК | 316.46 |
| УДК определител | |
| УДК - код + определител | 316.46 |
| 100 1# - Редна дума - Автор | |
| Автор | Лей, Андрю |
| Авторска отговорност | първи автор |
| R(LIN) | 340444 |
| 139 ## - Редно поле | |
| Редна дума | Лей, Андрю |
| Авторски знак | Леи - Л 40 |
| 245 10 - Сведения за заглавието | |
| Заглавие | Влиянието на харизмата |
| Подзаглавни данни | Как да създаваме силно и дълготрайно впечатление |
| Редно поле (дума) | Андрю Лей; прев. Ива Нанчева Тодорова. |
| 257 ## - Страна на издаване | |
| Страна на създаване/издаване | Съединени американски щати |
| 260 ## - Област на издателските данни | |
| -- | София |
| Име на издателя, разпространителя и проч. | Анхира |
| Година на издаване | 2011 |
| Печатница | София : Максла |
| 300 ## - Физическа характеристика | |
| Страници | 218 с. |
| Илюстрации и др. | с диагр., сх. |
| Размери/Мащаб | 23 см |
| 380 ## - Жанр | |
| Жанр | Философия |
| 500 ## - Общи забележки | |
| Забележка | Ориг. загл.: The charisma effect - How to make a powerful and lasting impression / Andrew Leigh. |
| 650 #4 - Допълнително описание по предмет – тема | |
| Основно описание – тема или топоним | Поведение |
| 9 (RLIN) | 166567 |
| 650 #4 - Допълнително описание по предмет – тема | |
| Основно описание – тема или топоним | Лидерство |
| 9 (RLIN) | 160414 |
| 653 ## - Ключова дума – ненормативна | |
| Ключова дума | психология на личността |
| 653 ## - Ключова дума – ненормативна | |
| Ключова дума | харизма |
| 653 ## - Ключова дума – ненормативна | |
| Ключова дума | поведение |
| 659 ## - Тематичен бюлетин | |
| Тематичен бюлетин | Н |
| 700 1# - Други автори (авторска отговорност) | |
| Лично име | Тодорова, Ива Нанчева |
| Автороска отговорност (Описва отношението между автора и произведението) | прев. |
| 9 (RLIN) | 340445 |
| 852 ## - Местоположение | |
| Форматна сигнатура | Цб 278016 |
| 856 4# - Електронен адрес и достъп | |
| Електронен формат | pdf - файл |
| Път до файла /url/ | |
| 856 4# - Електронен адрес и достъп | |
| Електронен формат | pdf - файл |
| Път до файла /url/ | |
| 942 ## - АРТИКУЛИ | |
| Вид на библиотечния материал | Книги |
| Скрит в OPAC | Не |
| 944 ## - СЪЗДАВАНЕ И РЕДАКЦИЯ на ЗАПИСА | |
| Създаване/Редакция | Създаване |
| Дата на регистрацията/редакция | 10.11.2015 |
| Служител, извършил регистрацията/редакцията | Виолета_Тройчева |
| 944 ## - СЪЗДАВАНЕ И РЕДАКЦИЯ на ЗАПИСА | |
| Създаване/Редакция | Редакция |
| Дата на регистрацията/редакция | 13.05.2016 |
| Служител, извършил регистрацията/редакцията | Геновева_Генчева |
| 999 ## - СИСТЕМНИ КОНТРОЛНИ НОМЕРА | |
| Koha biblionumber | 176077 |
| Koha biblioitemnumber | 176077 |
| Код за отписване | Код за изгубен артикул | Код за повреда | Коз за рестрикции | Код за отдаване | Артикулен № | Име на библиотеката - собственик | Име на библиотеката, в която се намира в момента | Статус (Текущо местоположение) | Дата на вписване в системата | Местоположение - отдел | Цена в лева | Инвентарен номер | Систематично азбучна сигнатура | Баркод | Номер на екземпляра | Цена в евро | Служебна бележка | Служебен тип на артикула |
|---|---|---|---|---|---|---|---|---|---|---|---|---|---|---|---|---|---|---|
| Не е изгубен | Не е повреден | без рестрикции | ползва се в читалня | 303141 | Регионална библиотека "Любен Каравелов" Русе | Регионална библиотека "Любен Каравелов" Русе | Хранилище | 2015-11-11 | Хранилище | 11.00 | 120000794654 | Цб 278016 | 120000794654 | 1 | 5.62 | Дост: Dp Вид: Д N: 41 Дата: 19.09.2015 | Книги |